| 000 | 01067nam0a2200289 4500 | ||
|---|---|---|---|
| 001 | RU\NLR\bibl\1314752 | ||
| 005 | 20250615155135.0 | ||
| 010 |
_a978-5-386-00498-9 _93000 |
||
| 021 |
_aRU _b2008-91023 _95320 |
||
| 035 | _a(NLR Aleph) 001300148 | ||
| 090 |
_a614045 _c614045 |
||
| 100 | _a20090114d2008 |||y0rusy50 ca | ||
| 101 | 1 |
_arus _cfre |
|
| 102 | _aRU | ||
| 105 | _ay ||||||||| | ||
| 200 | 1 |
_aЛоскутный мандарин _eсамый завораживающий и эксцентричный роман от Кафки до наших дней _fГаетан Суси _g[пер. с фр. М.М. Гурвица] |
|
| 210 |
_aМосква _cРИПОЛ Классик _d2008 |
||
| 215 |
_a365, [2] с. _d21 |
||
| 300 | _aНа 4-й с. обл. авт.: Г. Суси - преп. | ||
| 320 | _aДр. кн. авт. на 4-й с. обл. | ||
| 686 | _aШ6(7К)267-4{Лх1960-20} | ||
| 700 | 1 |
_aСуси _bГ. _gГаетан _4070 |
|
| 801 | 0 |
_aRU _bNLR _c20090114 _gRCR |
|
| 801 | 1 |
_aRU _bNLR _c20090114 |
|
| 942 | _cBOOK | ||
| 980 | _aNB | ||